000 00468nam a22001817a 4500
005 20260415185631.0
008 260415b2023 |||||||| |||| 00| 0 eng d
020 _a9780197753385
040 _aMAIN
041 _aENG
082 _a325.21
_bABD/DIS
100 _aAbdelaaty, Lamis Elmy
245 _aDiscrimination and delegation
_cby Lamis Elmy Abdelaaty.
260 _aUSA :
_bOxford,
_c2023.
300 _a233 p.
650 _aPolitical Science.
942 _cBK
999 _c18697
_d18697